Quaresma del P. Fr. Antonio Andres, letor de sagrada theologia, escritor publico de su Orden, Regente de Estudios, Calificador del Santo Oficio y custodio actual de su provincia de Descalzos (Record no. 8278)

MARC details
000 -CABECERA
campo de control de longitud fija 02011nam a2200289 a 4500
001 - NÚMERO DE CONTROL
campo de control BRCA_8617
003 - IDENTIFICADOR DEL NÚMERO DE CONTROL
campo de control FranzMayer
005 - FECHA Y HORA DE LA ÚLTIMA TRANSACCIÓN
campo de control 20230724142928.0
008 - DATOS DE LONGITUD FIJA--INFORMACIÓN GENERAL
campo de control de longitud fija 230916s1771----sp-#######---#000-0#spa-#
040 ## - FUENTE DE LA CATALOGACIÓN
Centro catalogador/agencia de origen MFM
Lengua de catalogación esp
Centro/agencia transcriptor MFM
041 ## - CÓDIGO DE LENGUA
Código de lengua del texto/banda sonora o título independiente spa
044 ## - CÓDIGO DEL PAÍS DE LA ENTIDAD EDITORA/PRODUCTORA
Código MARC del país sp
084 ## - OTRO NÚMERO DE CLASIFICACIÓN
Número de clasificación BE32
Número de documento/Ítem .Q27 1771
245 10 - MENCIÓN DE TÍTULO
Título Quaresma del P. Fr. Antonio Andres, letor de sagrada theologia, escritor publico de su Orden, Regente de Estudios, Calificador del Santo Oficio y custodio actual de su provincia de Descalzos
Resto del título tomo III. Quien lo dedica a Christo crucificado.
260 ## - PUBLICACIÓN, DISTRIBUCIÓN, ETC.
Lugar de publicación, distribución, etc. Valencia
Nombre del editor, distribuidor, etc. Por Benito Monfort
Fecha de publicación, distribución, etc. 1771
300 ## - DESCRIPCIÓN FÍSICA
Extensión 320 p. (t.3)
Dimensiones 21.5 x 15 cm.
500 ## - NOTA GENERAL
Nota general En portada : Al fin de este tercer tomo hay una aplicación de los Sermones de la Quaresma a las Dominicas de entre año
500 ## - NOTA GENERAL
Nota general Estado físico : lomo desprendido
500 ## - NOTA GENERAL
Nota general Con marca de fuego : ´Procedencia de la marca: Convento de San Francisco Santa María del Pueblito de Querétaro. Institución: Orden de Frailes Menores. Provincia de San Pedro y San Pablo de Michoacán. Descripción: Monograma conformado por las iniciales ´P´, ´u´, ´E´ seguidas de ´b´, ´I´, ´T´ y ´o´ que se desata como Pueblito (2) dentro de un filete en forma de rombo. Observaciones: Krausse la incluye entre las marcas no identificadas. David Saavedra la identifica como del Convento Franciscano de Santa María del Pueblito, Villa Corregidora de Querétaro. Con el testimonio de pertenencia ubicado en este ejemplar se corrobora la atribución realizada por David Saavedra. Ubicación de la marca en el libro: Canto superior, inferior y lateral´
650 14 - PUNTO DE ACCESO ADICIONAL DE MATERIA--TÉRMINO DE MATERIA
Término de materia o nombre geográfico como elemento de entrada Sermones de cuaresma
9 (RLIN) 21531
650 14 - PUNTO DE ACCESO ADICIONAL DE MATERIA--TÉRMINO DE MATERIA
Término de materia o nombre geográfico como elemento de entrada Iglesia católica
Subdivisión general Sermones
9 (RLIN) 21286
650 14 - PUNTO DE ACCESO ADICIONAL DE MATERIA--TÉRMINO DE MATERIA
Término de materia o nombre geográfico como elemento de entrada Cuaresma
Subdivisión general Sermones
9 (RLIN) 21287
700 1# - PUNTO DE ACCESO ADICIONAL--NOMBRE DE PERSONA
Nombre de persona Antonio Andrés
Títulos y otros términos asociados al nombre Fray
9 (RLIN) 21275
856 ## - LOCALIZACIÓN Y ACCESO ELECTRÓNICOS
Nombre del host http://www.marcasdefuego.buap.mx:8180/xmLibris/projects/firebrand/item.jsp?repository=marcas_de_fuego&key=marcas_de_fuego_franciscanas_20150618135223_2ccc.xml&num=0
902 ## - CATALOGADOR
Iniciales CFM
942 ## - ELEMENTOS DE PUNTO DE ACCESO ADICIONAL (KOHA)
Fuente del sistema de clasificación o colocación Library of Congress Classification
Tipo de ítem Koha Libros
Holdings
Estado de retiro Estado de pérdida Fuente del sistema de clasificación o colocación Estado dañado No para préstamo Código de colección Localización permanente Ubicación/localización actual Fecha de adquisición Fuente de adquisición Total de préstamos Signatura topográfica completa Código de barras Fecha visto por última vez Precio válido a partir de Tipo de ítem Koha
El ejemplar forma parte de la colección y puede ser consultado según las políticas vigentes.   Library of Congress Classification     Conventual Franz Mayer Biblioteca del Museo Franz Mayer (Rogerio Casas-Alatriste) Biblioteca del Museo Franz Mayer (Rogerio Casas-Alatriste) 08/09/2016 Donación   BE32 .Q27 1771 CFM00029 22/03/2019 22/03/2019 Libros